PPP projekty ako možnosť naštartovania ekonomiky v pokrízovom období bakalárska práca

Gespeichert in:
Bibliographische Detailangaben
1. Verfasser: Mačičková, Andrea
Körperschaft: Fakulta podnikového manažmentu EU. Katedra podnikových financií
Weitere Verfasser: Smorada, Marián, 1984-
Format: Buch
Sprache:Slowakisch
Veröffentlicht: Bratislava 2023
Tags: Tag hinzufügen
Keine Tags, Fügen Sie das erste Tag hinzu!

MARC

LEADER 00000nbm a2200000 4500
001 0293568
005 20240307090013.1
041 0 |a slo 
044 |a SK 
245 1 0 |a PPP projekty ako možnosť naštartovania ekonomiky v pokrízovom období  |b bakalárska práca  |c Andrea Mačičková ; školiteľ: Marián Smorada 
264 1 |a Bratislava  |c 2023 
300 |a 45 s. 
100 1 |a Mačičková, Andrea 
700 1 |a Smorada, Marián, 1984- 
710 2 |a Fakulta podnikového manažmentu EU. Katedra podnikových financií